000 00321 a2200157 4500
001 70748
020 _a8532219128
040 _cAnchieta - Itaigara
240 1 0 _a13 de maio, Abolição
_lpor
245 1 0 _a13 de maio, Abolição
300 _a29
362 0 _a1996
440 1 _aFTD
650 4 _aBrasil
942 _cBK
999 _c70748
_d70748